[Event "WCO2014"]
[Site "Tromso"]
[Date "2014.08.05"]
[Round "4.32"]
[WhiteID "1112635"]
[White "Bartel Mateusz"]
[BlackID "1501984"]
[Black "Lie Kjetil A."]
[Result "1/2-1/2"]
[LiveChessVersion "1.4.3"]
[BlackElo "2528"]
[WhiteElo "2640"]

1. e4 {[%clk 1:30:56]} c5 {[%clk 1:30:52]} 2. Nf3 {[%clk 1:31:19]} d6
{[%clk 1:31:13]} 3. Nc3 {[%clk 1:28:29]} Nf6 {[%clk 1:29:24]} 4. e5
{[%clk 1:28:52]} dxe5 {[%clk 1:29:01]} 5. Nxe5 {[%clk 1:29:15]} Nbd7
{[%clk 1:22:21]} 6. Nc4 {[%clk 1:29:28]} e6 {[%clk 1:15:44]} 7. Qf3
{[%clk 1:25:37]} Be7 {[%clk 0:57:37]} 8. Be2 {[%clk 1:15:04]} O-O
{[%clk 0:56:06]} 9. O-O {[%clk 1:15:26]} Nb6 {[%clk 0:53:14]} 10. Rd1
{[%clk 1:14:35]} Nxc4 {[%clk 0:45:40]} 11. Bxc4 {[%clk 1:15:01]} Qc7
{[%clk 0:44:47]} 12. Nb5 {[%clk 1:09:37]} Qb6 {[%clk 0:33:39]} 13. a4
{[%clk 1:09:52]} Bd7 {[%clk 0:33:13]} 14. a5 {[%clk 1:09:05]} Qc6
{[%clk 0:33:30]} 15. Qxc6 {[%clk 1:03:43]} Bxc6 {[%clk 0:33:51]} 16. a6
{[%clk 1:04:09]} b6 {[%clk 0:33:43]} 17. d4 {[%clk 1:04:23]} Bxb5
{[%clk 0:27:08]} 18. Bxb5 {[%clk 1:04:45]} Rad8 {[%clk 0:23:17]} 19. Be3
{[%clk 1:01:20]} Nd5 {[%clk 0:19:39]} 20. c3 {[%clk 1:01:44]} Nxe3
{[%clk 0:13:36]} 21. fxe3 {[%clk 1:02:11]} cxd4 {[%clk 0:13:40]} 22. cxd4
{[%clk 1:00:33]} Rc8 {[%clk 0:12:24]} 23. Rac1 {[%clk 1:00:24]} Rfd8
{[%clk 0:12:44]} 24. Bc6 {[%clk 1:00:09]} Kf8 {[%clk 0:11:18]} 25. Kf2
{[%clk 0:58:32]} Bd6 {[%clk 0:10:23]} 26. e4 {[%clk 0:54:50]} Ke7
{[%clk 0:09:37]} 27. d5 {[%clk 0:45:05]} Be5 {[%clk 0:08:22]} 28. b3
{[%clk 0:45:08]} g5 {[%clk 0:06:23]} 29. g3 {[%clk 0:44:11]} h5 {[%clk 0:06:22]}
30. Bb7 {[%clk 0:41:28]} Rxc1 {[%clk 0:06:20]} 31. Rxc1 {[%clk 0:41:56]} Rd7
{[%clk 0:05:15]} 32. Rc8 {[%clk 0:38:30]} 1/2-1/2

[Event "WCO2014"]
[Site "Tromso"]
[Date "2014.08.05"]
[Round "4.1"]
[WhiteID "4101588"]
[White "Kramnik Vladimir"]
[BlackID "8601429"]
[Black "Wang Yue"]
[Result "1/2-1/2"]
[LiveChessVersion "1.4.3"]
[BlackElo "2718"]
[WhiteElo "2760"]

1. Nf3 {[%clk 1:30:57]} d5 {[%clk 1:30:17]} 2. g3 {[%clk 1:31:17]} Nf6
{[%clk 1:25:08]} 3. Bg2 {[%clk 1:31:35]} g6 {[%clk 1:25:08]} 4. c4
{[%clk 1:29:38]} c6 {[%clk 1:25:30]} 5. b3 {[%clk 1:29:41]} Bg7 {[%clk 1:25:15]}
6. Bb2 {[%clk 1:29:41]} O-O {[%clk 1:25:20]} 7. d3 {[%clk 1:29:59]} Bg4
{[%clk 1:25:07]} 8. Nbd2 {[%clk 1:29:44]} Bxf3 {[%clk 1:23:52]} 9. Nxf3
{[%clk 1:29:37]} Nfd7 {[%clk 1:14:25]} 10. d4 {[%clk 1:17:47]} a5
{[%clk 1:02:33]} 11. O-O {[%clk 1:17:05]} e6 {[%clk 1:01:59]} 12. Qc2
{[%clk 1:15:56]} a4 {[%clk 0:59:24]} 13. e4 {[%clk 1:07:03]} dxe4
{[%clk 0:55:43]} 14. Qxe4 {[%clk 1:05:17]} Na6 {[%clk 0:56:07]} 15. Ba3
{[%clk 0:55:06]} Re8 {[%clk 0:56:00]} 16. b4 {[%clk 0:54:39]} Qb6
{[%clk 0:39:42]} 17. Rab1 {[%clk 0:50:26]} Nc7 {[%clk 0:40:06]} 18. Ne5
{[%clk 0:46:17]} Rad8 {[%clk 0:28:12]} 19. Nxf7 {[%clk 0:38:22]} Nf6
{[%clk 0:22:15]} 20. Qf4 {[%clk 0:38:34]} Rxd4 {[%clk 0:14:28]} 21. c5
{[%clk 0:19:46]} Rxf4 {[%clk 0:14:50]} 22. cxb6 {[%clk 0:20:12]} Nb5
{[%clk 0:13:40]} 23. Nd6 {[%clk 0:16:36]} Nxd6 {[%clk 0:12:21]} 24. gxf4
{[%clk 0:17:05]} Nb5 {[%clk 0:12:04]} 25. Bb2 {[%clk 0:16:24]} Nd7
{[%clk 0:12:11]} 26. Rfe1 {[%clk 0:16:26]} Nxb6 {[%clk 0:08:56]} 27. Bh3
{[%clk 0:15:55]} Bxb2 {[%clk 0:07:11]} 28. Rxe6 {[%clk 0:13:09]} Rxe6
{[%clk 0:05:33]} 29. Bxe6+ {[%clk 0:13:38]} Kg7 {[%clk 0:06:01]} 30. Rxb2
{[%clk 0:13:59]} Kf6 {[%clk 0:06:27]} 31. Bg4 {[%clk 0:12:32]} Nd5
{[%clk 0:06:49]} 32. Bf3 {[%clk 0:06:15]} a3 {[%clk 0:03:55]} 33. Rd2
{[%clk 0:04:01]} Nxb4 {[%clk 0:04:17]} 34. Bd1 {[%clk 0:04:27]} c5
{[%clk 0:03:50]} 35. Rd7 {[%clk 0:04:03]} b6 {[%clk 0:02:24]} 36. Rb7
{[%clk 0:03:31]} Nd4 {[%clk 0:01:49]} 37. Rxb6+ {[%clk 0:02:00]} Kf5
{[%clk 0:02:15]} 38. Rb7 {[%clk 0:02:13]} Nxa2 {[%clk 0:02:11]} 39. Bb3
{[%clk 0:00:58]} Nb4 {[%clk 0:01:48]} 40. Bc4 {[%clk 0:00:59]} Nf3+
{[%clk 0:00:34]} 41. Kg2 {[%clk 0:28:46]} Nd2 {[%clk 0:31:28]} 42. Bg8
{[%clk 0:28:09]} Nd3 {[%clk 0:22:02]} 43. Ra7 {[%clk 0:14:06]} Nxf4+
{[%clk 0:20:37]} 44. Kh1 {[%clk 0:12:10]} h5 {[%clk 0:15:49]} 45. Rxa3
{[%clk 0:12:07]} Ke4 {[%clk 0:15:56]} 46. Rc3 {[%clk 0:11:20]} c4
{[%clk 0:06:04]} 47. Rxc4+ {[%clk 0:08:23]} Nxc4 {[%clk 0:06:30]} 48. Bxc4
{[%clk 0:08:50]} h4 {[%clk 0:05:33]} 49. Kg1 {[%clk 0:06:45]} g5 {[%clk 0:05:54]}
50. Ba6 {[%clk 0:06:48]} 1/2-1/2

[Event "WCO2014"]
[Site "Tromso"]
[Date "2014.08.05"]
[Round "4.3"]
[WhiteID "4102142"]
[White "Svidler Peter"]
[BlackID "8603820"]
[Black "Yu Yangyi"]
[Result "1/2-1/2"]
[LiveChessVersion "1.4.3"]
[BlackElo "2668"]
[WhiteElo "2751"]

1. Nf3 {[%clk 1:30:56]} d5 {[%clk 1:29:54]} 2. g3 {[%clk 1:31:18]} Nf6
{[%clk 1:25:05]} 3. Bg2 {[%clk 1:31:21]} g6 {[%clk 1:23:36]} 4. c4
{[%clk 1:31:05]} d4 {[%clk 1:19:55]} 5. b4 {[%clk 1:29:52]} Bg7 {[%clk 1:15:46]}
6. d3 {[%clk 1:27:15]} O-O {[%clk 1:12:19]} 7. Bb2 {[%clk 1:15:09]} e5
{[%clk 0:58:29]} 8. Nxe5 {[%clk 1:09:40]} Qd6 {[%clk 0:57:24]} 9. Nf3
{[%clk 1:03:55]} Qxb4+ {[%clk 0:57:47]} 10. Qd2 {[%clk 1:04:20]} Qxd2+
{[%clk 0:57:48]} 11. Nbxd2 {[%clk 1:04:03]} c5 {[%clk 0:58:07]} 12. Nb3
{[%clk 1:04:21]} Na6 {[%clk 0:55:27]} 13. Ba3 {[%clk 1:04:29]} Nd7
{[%clk 0:54:53]} 14. Ng5 {[%clk 1:04:51]} Rb8 {[%clk 0:45:47]} 15. Ne4
{[%clk 1:04:55]} b6 {[%clk 0:44:46]} 16. Nd6 {[%clk 1:05:15]} Nc7
{[%clk 0:42:44]} 17. Nxc8 {[%clk 1:02:04]} Rfxc8 {[%clk 0:41:00]} 18. O-O
{[%clk 1:00:41]} Re8 {[%clk 0:40:20]} 19. Rfe1 {[%clk 1:00:37]} Bh6
{[%clk 0:40:02]} 20. Rab1 {[%clk 0:58:05]} Rbd8 {[%clk 0:39:34]} 21. Kf1
{[%clk 0:57:58]} Ne5 {[%clk 0:36:20]} 22. Na1 {[%clk 0:55:11]} Re6
{[%clk 0:34:03]} 23. Nc2 {[%clk 0:52:20]} Nc6 {[%clk 0:32:44]} 24. Bb2
{[%clk 0:50:44]} Na6 {[%clk 0:30:29]} 25. a3 {[%clk 0:49:00]} Nc7
{[%clk 0:29:56]} 26. Rbd1 {[%clk 0:38:29]} Na5 {[%clk 0:27:09]} 27. e3
{[%clk 0:34:39]} dxe3 {[%clk 0:26:54]} 28. Nxe3 {[%clk 0:34:50]} Bg7
{[%clk 0:26:07]} 29. Bc1 {[%clk 0:34:56]} Nb3 {[%clk 0:20:03]} 30. Nd5
{[%clk 0:35:02]} Nxd5 {[%clk 0:18:56]} 31. Bxd5 {[%clk 0:35:25]} Rxe1+
{[%clk 0:19:20]} 1/2-1/2

[Event "WCO2014"]
[Site "Tromso"]
[Date "2014.08.05"]
[Round "4.4"]
[WhiteID "8601160"]
[White "Ni Hua"]
[BlackID "14109603"]
[Black "Karjakin Sergey"]
[Result "1/2-1/2"]
[LiveChessVersion "1.4.3"]
[BlackElo "2786"]
[WhiteElo "2666"]

1. d4 {[%clk 1:30:28]} Nf6 {[%clk 1:30:50]} 2. c4 {[%clk 1:30:49]} e6
{[%clk 1:31:15]} 3. Nf3 {[%clk 1:31:11]} b6 {[%clk 1:31:37]} 4. g3
{[%clk 1:31:22]} Ba6 {[%clk 1:31:55]} 5. Nbd2 {[%clk 1:31:06]} Bb7
{[%clk 1:31:39]} 6. Bg2 {[%clk 1:31:26]} Be7 {[%clk 1:32:02]} 7. O-O
{[%clk 1:31:50]} O-O {[%clk 1:32:26]} 8. b3 {[%clk 1:31:32]} c5 {[%clk 1:31:56]}
9. Bb2 {[%clk 1:31:54]} cxd4 {[%clk 1:31:06]} 10. Nxd4 {[%clk 1:32:16]} Bxg2
{[%clk 1:31:30]} 11. Kxg2 {[%clk 1:32:41]} Nc6 {[%clk 1:31:20]} 12. Nxc6
{[%clk 1:32:41]} dxc6 {[%clk 1:31:47]} 13. Qc2 {[%clk 1:33:05]} Qc7
{[%clk 1:27:58]} 14. Ne4 {[%clk 1:30:11]} Rad8 {[%clk 1:14:11]} 15. Nxf6+
{[%clk 1:10:58]} Bxf6 {[%clk 1:14:36]} 16. Bxf6 {[%clk 1:11:24]} gxf6
{[%clk 1:14:59]} 17. c5 {[%clk 1:10:49]} Rd5 {[%clk 1:08:43]} 18. cxb6
{[%clk 1:09:27]} axb6 {[%clk 1:08:43]} 19. Rad1 {[%clk 1:08:00]} Rfd8
{[%clk 1:06:15]} 20. Rxd5 {[%clk 1:06:01]} Rxd5 {[%clk 1:06:27]} 21. Rd1
{[%clk 1:03:33]} c5 {[%clk 1:04:30]} 22. a4 {[%clk 0:55:27]} Rxd1
{[%clk 0:59:59]} 23. Qxd1 {[%clk 0:55:55]} c4 {[%clk 1:00:22]} 24. bxc4
{[%clk 0:52:42]} Qxc4 {[%clk 1:00:44]} 25. Qd8+ {[%clk 0:46:55]} Kg7
{[%clk 1:01:06]} 26. Qxb6 {[%clk 0:47:20]} Qxa4 {[%clk 1:01:26]} 27. Qe3
{[%clk 0:47:40]} Qc6+ {[%clk 1:01:52]} 28. Kg1 {[%clk 0:48:01]} Qa4
{[%clk 1:02:15]} 29. Kg2 {[%clk 0:48:28]} Qc6+ {[%clk 1:02:40]} 30. Kg1
{[%clk 0:48:56]} Qa4 1/2-1/2

[Event "WCO2014"]
[Site "Tromso"]
[Date "2014.08.05"]
[Round "4.5"]
[WhiteID "24116068"]
[White "Giri Anish"]
[BlackID "2805677"]
[Black "Gelfand Boris"]
[Result "1-0"]
[LiveChessVersion "1.4.3"]
[BlackElo "2753"]
[WhiteElo "2745"]

1. d4 {[%clk 1:30:58]} Nf6 {[%clk 1:30:57]} 2. c4 {[%clk 1:31:17]} g6
{[%clk 1:31:24]} 3. f3 {[%clk 1:31:43]} d5 {[%clk 1:31:26]} 4. cxd5
{[%clk 1:32:07]} Nxd5 {[%clk 1:31:55]} 5. e4 {[%clk 1:32:30]} Nb6
{[%clk 1:32:23]} 6. Nc3 {[%clk 1:32:54]} Bg7 {[%clk 1:32:48]} 7. Be3
{[%clk 1:33:21]} O-O {[%clk 1:33:09]} 8. Qd2 {[%clk 1:33:37]} Nc6
{[%clk 1:33:04]} 9. O-O-O {[%clk 1:33:58]} Qd6 {[%clk 1:33:28]} 10. Nb5
{[%clk 1:32:55]} Qd7 {[%clk 1:33:20]} 11. Kb1 {[%clk 1:33:20]} Rd8
{[%clk 1:25:16]} 12. d5 {[%clk 1:33:35]} a6 {[%clk 1:25:40]} 13. Nc3
{[%clk 1:33:09]} Na5 {[%clk 1:24:50]} 14. Qc1 {[%clk 1:30:11]} Qd6
{[%clk 1:22:52]} 15. h4 {[%clk 1:19:39]} Qb4 {[%clk 1:14:47]} 16. h5
{[%clk 0:58:49]} Nac4 {[%clk 1:10:58]} 17. hxg6 {[%clk 0:58:00]} hxg6
{[%clk 1:05:15]} 18. Bxc4 {[%clk 0:54:05]} Nxc4 {[%clk 1:04:53]} 19. Nge2
{[%clk 0:54:09]} Nxe3 {[%clk 1:04:23]} 20. Qxe3 {[%clk 0:54:30]} Qb6
{[%clk 1:04:14]} 21. Qg5 {[%clk 0:45:36]} Qf6 {[%clk 1:01:00]} 22. Qg3
{[%clk 0:40:58]} b5 {[%clk 0:56:30]} 23. Nd4 {[%clk 0:40:17]} b4 {[%clk 0:49:10]}
24. Na4 {[%clk 0:36:48]} Bd7 {[%clk 0:31:20]} 25. Nc5 {[%clk 0:36:55]} Qb6
{[%clk 0:31:28]} 26. Nxd7 {[%clk 0:29:58]} Rxd7 {[%clk 0:31:45]} 27. Nc6
{[%clk 0:21:11]} b3 {[%clk 0:25:59]} 28. a3 {[%clk 0:21:02]} Qc5 {[%clk 0:25:53]}
29. Rc1 {[%clk 0:16:58]} Qe3 {[%clk 0:17:32]} 30. Qe1 {[%clk 0:15:43]} Qd3+
{[%clk 0:17:37]} 31. Ka1 {[%clk 0:16:13]} e6 {[%clk 0:10:25]} 32. dxe6
{[%clk 0:16:03]} fxe6 {[%clk 0:10:42]} 33. e5 {[%clk 0:16:24]} g5
{[%clk 0:09:46]} 34. Rd1 {[%clk 0:12:49]} Qxd1+ {[%clk 0:08:33]} 35. Qxd1
{[%clk 0:13:18]} Rxd1+ {[%clk 0:08:57]} 36. Rxd1 {[%clk 0:13:46]} a5
{[%clk 0:07:48]} 37. Rd8+ {[%clk 0:13:37]} Rxd8 {[%clk 0:08:09]} 38. Nxd8
{[%clk 0:14:06]} a4 {[%clk 0:06:28]} 39. Nxe6 {[%clk 0:14:14]} Bxe5
{[%clk 0:06:18]} 40. Nxg5 {[%clk 0:04:19]} Bd4 {[%clk 0:04:17]} 41. f4
{[%clk 0:23:19]} Be3 {[%clk 0:26:18]} 42. g3 {[%clk 0:22:41]} Kg7
{[%clk 0:22:58]} 43. Ne6+ {[%clk 0:20:03]} Kf6 {[%clk 0:22:23]} 44. Nxc7
{[%clk 0:20:31]} Kf5 {[%clk 0:22:44]} 45. Nd5 {[%clk 0:19:49]} Bf2
{[%clk 0:22:35]} 46. Nc3 {[%clk 0:19:03]} Bxg3 {[%clk 0:22:31]} 47. Nxa4
{[%clk 0:19:32]} Bf2 {[%clk 0:21:45]} 48. Nc3 {[%clk 0:19:58]} Kxf4
{[%clk 0:12:27]} 49. Ne2+ {[%clk 0:20:13]} Ke4 {[%clk 0:12:45]} 50. Nc1
{[%clk 0:20:37]} Kd4 {[%clk 0:11:19]} 51. Nxb3+ {[%clk 0:21:03]} Kc4
{[%clk 0:11:47]} 52. Nc1 {[%clk 0:21:02]} Bc5 {[%clk 0:11:11]} 53. Kb1
{[%clk 0:21:14]} Kb5 {[%clk 0:11:14]} 54. Ne2 {[%clk 0:21:27]} Be7
{[%clk 0:10:26]} 55. Nc3+ {[%clk 0:21:40]} Kc4 {[%clk 0:10:41]} 56. Kc2
{[%clk 0:22:06]} Bf8 {[%clk 0:10:18]} 57. Nb1 {[%clk 0:21:30]} Be7
{[%clk 0:10:07]} 58. Nd2+ {[%clk 0:21:54]} Kb5 {[%clk 0:10:05]} 59. Kb3
{[%clk 0:22:19]} Bf8 {[%clk 0:08:37]} 60. Ne4 {[%clk 0:22:47]} Bg7
{[%clk 0:07:53]} 61. Nc3+ {[%clk 0:22:09]} Kc5 {[%clk 0:07:47]} 62. Kc2
{[%clk 0:22:33]} Kc4 {[%clk 0:07:36]} 63. b3+ {[%clk 0:22:00]} Kd4
{[%clk 0:07:50]} 64. b4 {[%clk 0:22:27]} Kc4 {[%clk 0:08:07]} 65. Nd1
{[%clk 0:22:53]} Bf6 {[%clk 0:07:48]} 66. Nb2+ {[%clk 0:23:19]} Kd5
{[%clk 0:07:39]} 67. Kb3 {[%clk 0:23:42]} Bd4 {[%clk 0:05:56]} 68. a4
{[%clk 0:23:42]} Kc6 {[%clk 0:05:43]} 69. Nd1 {[%clk 0:24:06]} Bg1
{[%clk 0:05:53]} 70. Kc4 {[%clk 0:24:32]} Kb6 {[%clk 0:06:08]} 71. Nc3
{[%clk 0:24:59]} Bf2 {[%clk 0:06:15]} 72. Ne4 {[%clk 0:25:24]} Bh4
{[%clk 0:05:15]} 73. Nc5 {[%clk 0:25:48]} Bg5 {[%clk 0:05:20]} 74. Ne6
{[%clk 0:26:15]} Bh4 {[%clk 0:05:21]} 75. a5+ {[%clk 0:26:33]} Ka6
{[%clk 0:05:48]} 76. Nc5+ {[%clk 0:26:38]} Ka7 {[%clk 0:06:16]} 77. b5
{[%clk 0:26:50]} Bd8 {[%clk 0:06:37]} 78. Kb4 {[%clk 0:27:18]} Bc7
{[%clk 0:06:50]} 79. Ka4 {[%clk 0:27:46]} Bd8 {[%clk 0:06:37]} 80. Ne6
{[%clk 0:28:12]} 1-0

[Event "WCO2014"]
[Site "Tromso"]
[Date "2014.08.05"]
[Round "4.7"]
[WhiteID "1000268"]
[White "Van Wely Loek"]
[BlackID "2802007"]
[Black "Sutovsky Emil"]
[Result "1/2-1/2"]
[LiveChessVersion "1.4.3"]
[BlackElo "2624"]
[WhiteElo "2662"]

1. d4 {[%clk 1:30:56]} Nf6 {[%clk 1:30:54]} 2. c4 {[%clk 1:31:21]} g6
{[%clk 1:31:19]} 3. g3 {[%clk 1:31:43]} Bg7 {[%clk 1:30:22]} 4. Bg2
{[%clk 1:32:03]} d5 {[%clk 1:29:54]} 5. cxd5 {[%clk 1:32:26]} Nxd5
{[%clk 1:30:21]} 6. Nf3 {[%clk 1:32:46]} Nb6 {[%clk 1:30:46]} 7. Nc3
{[%clk 1:32:56]} Nc6 {[%clk 1:31:09]} 8. e3 {[%clk 1:33:18]} O-O {[%clk 1:31:34]}
9. O-O {[%clk 1:33:41]} Re8 {[%clk 1:31:56]} 10. Re1 {[%clk 1:28:13]} a5
{[%clk 1:32:11]} 11. h3 {[%clk 1:22:12]} a4 {[%clk 1:25:48]} 12. Rb1
{[%clk 1:19:16]} e5 {[%clk 1:23:00]} 13. d5 {[%clk 1:18:26]} Ne7 {[%clk 1:18:38]}
14. e4 {[%clk 1:16:39]} Bd7 {[%clk 1:18:06]} 15. b3 {[%clk 1:01:39]} axb3
{[%clk 1:10:24]} 16. axb3 {[%clk 1:00:03]} c6 {[%clk 1:05:18]} 17. dxc6
{[%clk 0:59:46]} bxc6 {[%clk 0:59:29]} 18. Be3 {[%clk 0:56:49]} Nec8
{[%clk 0:59:02]} 19. Bf1 {[%clk 0:40:37]} Bf8 {[%clk 0:33:24]} 20. Na4
{[%clk 0:37:13]} Nxa4 {[%clk 0:30:58]} 21. bxa4 {[%clk 0:37:35]} Nd6
{[%clk 0:30:22]} 22. Bb6 {[%clk 0:24:13]} Qc8 {[%clk 0:29:28]} 23. Kh2
{[%clk 0:20:51]} c5 {[%clk 0:28:29]} 24. a5 {[%clk 0:21:11]} c4 {[%clk 0:24:51]}
25. Rc1 {[%clk 0:21:04]} Qc6 {[%clk 0:23:45]} 26. Rc2 {[%clk 0:10:56]} Rac8
{[%clk 0:22:18]} 27. Qa1 {[%clk 0:09:27]} c3 {[%clk 0:20:26]} 28. Bd3
{[%clk 0:04:44]} f5 {[%clk 0:19:27]} 29. Rec1 {[%clk 0:03:07]} fxe4
{[%clk 0:17:15]} 30. Rxc3 {[%clk 0:03:15]} Qa8 {[%clk 0:16:40]} 31. Nxe5
{[%clk 0:03:29]} Rxc3 {[%clk 0:11:33]} 32. Qxc3 {[%clk 0:03:46]} Bg7
{[%clk 0:10:12]} 33. Bc4+ {[%clk 0:03:52]} Nxc4 {[%clk 0:09:00]} 34. Qxc4+
{[%clk 0:04:12]} Be6 {[%clk 0:09:28]} 35. Qb5 {[%clk 0:03:15]} e3
{[%clk 0:05:30]} 36. Bxe3 {[%clk 0:03:05]} Bxe5 {[%clk 0:05:36]} 37. Qxe5
{[%clk 0:03:27]} Bxh3 {[%clk 0:06:01]} 38. Qxe8+ {[%clk 0:03:49]} Qxe8
{[%clk 0:06:29]} 39. Kxh3 {[%clk 0:04:10]} Qa4 {[%clk 0:05:10]} 40. Rc5
{[%clk 0:04:09]} h5 {[%clk 0:04:04]} 41. Kh2 {[%clk 0:30:22]} h4 {[%clk 0:33:30]}
42. g4 {[%clk 0:25:25]} Qd1 {[%clk 0:24:22]} 43. a6 {[%clk 0:11:35]} Qd6+
{[%clk 0:24:23]} 44. Kh3 {[%clk 0:11:04]} Qxa6 {[%clk 0:24:48]} 45. Kxh4
{[%clk 0:11:21]} Qf6+ {[%clk 0:24:59]} 46. Kg3 {[%clk 0:11:36]} Qd6+
{[%clk 0:25:15]} 47. Kh3 {[%clk 0:11:46]} Qf6 {[%clk 0:23:57]} 48. Kg3
{[%clk 0:09:36]} Qd6+ {[%clk 0:24:20]} 49. Kh3 {[%clk 0:07:19]} Qf6
{[%clk 0:24:43]} 50. Kg3 {[%clk 0:06:13]} 1/2-1/2

[Event "WCO2014"]
[Site "Tromso"]
[Date "2014.08.05"]
[Round "4.8"]
[WhiteID "2804344"]
[White "Postny Evgeny"]
[BlackID "1020854"]
[Black "Van Kampen Robin"]
[Result "1/2-1/2"]
[LiveChessVersion "1.4.3"]
[BlackElo "2638"]
[WhiteElo "2651"]

1. d4 {[%clk 1:30:56]} d6 {[%clk 1:30:53]} 2. Nf3 {[%clk 1:31:20]} Nf6
{[%clk 1:31:17]} 3. c4 {[%clk 1:31:45]} g6 {[%clk 1:31:43]} 4. Nc3
{[%clk 1:32:09]} Bg7 {[%clk 1:32:08]} 5. e4 {[%clk 1:32:34]} O-O {[%clk 1:32:31]}
6. Be2 {[%clk 1:32:59]} e5 {[%clk 1:32:55]} 7. Be3 {[%clk 1:33:19]} exd4
{[%clk 1:33:19]} 8. Nxd4 {[%clk 1:33:40]} Re8 {[%clk 1:33:28]} 9. f3
{[%clk 1:34:01]} c6 {[%clk 1:33:53]} 10. Bf2 {[%clk 1:34:11]} d5 {[%clk 1:34:12]}
11. exd5 {[%clk 1:34:33]} cxd5 {[%clk 1:34:39]} 12. O-O {[%clk 1:34:53]} Nc6
{[%clk 1:34:47]} 13. c5 {[%clk 1:35:12]} Bf8 {[%clk 1:34:27]} 14. Bb5
{[%clk 1:33:12]} Bd7 {[%clk 1:32:32]} 15. Bxc6 {[%clk 1:30:31]} bxc6
{[%clk 1:31:31]} 16. b4 {[%clk 1:30:53]} a5 {[%clk 1:29:11]} 17. a3
{[%clk 1:30:57]} Nh5 {[%clk 1:25:14]} 18. Qd2 {[%clk 1:26:44]} Qf6
{[%clk 1:21:56]} 19. Nce2 {[%clk 1:22:07]} Ng7 {[%clk 1:14:59]} 20. Rae1
{[%clk 1:06:05]} Rab8 {[%clk 0:57:25]} 21. Nc1 {[%clk 1:01:05]} axb4
{[%clk 0:51:59]} 22. axb4 {[%clk 1:00:55]} Ra8 {[%clk 0:46:00]} 23. Rxe8
{[%clk 0:59:26]} Rxe8 {[%clk 0:43:20]} 24. Ncb3 {[%clk 0:51:22]} Ne6
{[%clk 0:27:51]} 25. Nxe6 {[%clk 0:35:34]} fxe6 {[%clk 0:28:11]} 26. f4
{[%clk 0:35:50]} e5 {[%clk 0:28:26]} 27. fxe5 {[%clk 0:35:58]} Qxe5
{[%clk 0:28:27]} 28. Nd4 {[%clk 0:30:26]} Bg7 {[%clk 0:23:01]} 29. Re1
{[%clk 0:28:40]} Qb8 {[%clk 0:21:38]} 30. Rxe8+ {[%clk 0:17:57]} Qxe8
{[%clk 0:20:20]} 31. h3 {[%clk 0:17:49]} Qe4 {[%clk 0:17:53]} 32. b5
{[%clk 0:11:24]} cxb5 {[%clk 0:10:51]} 33. c6 {[%clk 0:09:34]} Bxd4
{[%clk 0:07:09]} 34. cxd7 {[%clk 0:05:48]} Bxf2+ {[%clk 0:07:17]} 35. Qxf2
{[%clk 0:06:12]} Qe7 {[%clk 0:07:40]} 36. Qa7 {[%clk 0:06:36]} Qe1+
{[%clk 0:06:51]} 37. Kh2 {[%clk 0:07:02]} Qe5+ {[%clk 0:07:09]} 38. Kh1
{[%clk 0:07:01]} Qe1+ {[%clk 0:07:30]} 39. Qg1 {[%clk 0:06:48]} Qe7
{[%clk 0:07:54]} 40. Qa7 {[%clk 0:07:13]} Qe1+ {[%clk 0:08:14]} 41. Kh2
{[%clk 0:07:13]} Qe5+ {[%clk 0:08:17]} 42. g3 {[%clk 0:07:28]} Qe2+
{[%clk 0:08:17]} 43. Kg1 {[%clk 0:07:38]} Qe1+ {[%clk 0:08:26]} 44. Kg2
{[%clk 0:08:01]} Qe2+ {[%clk 0:08:40]} 45. Qf2 {[%clk 0:07:34]} Qe7
{[%clk 0:08:55]} 46. Qa7 {[%clk 0:07:57]} Qe2+ {[%clk 0:09:12]} 1/2-1/2

[Event "WCO2014"]
[Site "Tromso"]
[Date "2014.08.05"]
[Round "4.43"]
[WhiteID "1204297"]
[White "Parligras Mircea-Emilian"]
[BlackID "2905540"]
[Black "Cheparinov Ivan"]
[Result "1-0"]
[LiveChessVersion "1.4.3"]
[BlackElo "2681"]
[WhiteElo "2574"]

1. d4 {[%clk 1:30:57]} Nf6 {[%clk 1:30:54]} 2. c4 {[%clk 1:31:18]} g6
{[%clk 1:31:22]} 3. Nc3 {[%clk 1:31:38]} Bg7 {[%clk 1:31:49]} 4. e4
{[%clk 1:31:51]} d6 {[%clk 1:32:17]} 5. Bd3 {[%clk 1:32:01]} O-O {[%clk 1:32:11]}
6. Nge2 {[%clk 1:32:22]} c5 {[%clk 1:32:35]} 7. d5 {[%clk 1:32:33]} e6
{[%clk 1:33:00]} 8. Bg5 {[%clk 1:32:31]} h6 {[%clk 1:30:52]} 9. Bh4
{[%clk 1:32:46]} exd5 {[%clk 1:30:45]} 10. exd5 {[%clk 1:33:04]} Nbd7
{[%clk 1:31:03]} 11. f4 {[%clk 1:33:09]} g5 {[%clk 1:30:59]} 12. Bg3
{[%clk 1:33:16]} Nh5 {[%clk 1:29:46]} 13. O-O {[%clk 1:33:03]} gxf4
{[%clk 1:28:39]} 14. Bxf4 {[%clk 1:32:40]} Ne5 {[%clk 1:26:21]} 15. Qd2
{[%clk 1:15:07]} Nxf4 {[%clk 1:24:10]} 16. Nxf4 {[%clk 1:15:08]} Bd7
{[%clk 1:20:22]} 17. Rae1 {[%clk 1:07:23]} Qh4 {[%clk 0:59:38]} 18. Ne4
{[%clk 1:00:04]} Nxd3 {[%clk 0:56:37]} 19. Nxd3 {[%clk 0:58:44]} Rae8
{[%clk 0:42:47]} 20. Rf4 {[%clk 0:52:56]} Bd4+ {[%clk 0:39:17]} 21. Kh1
{[%clk 0:53:09]} Qh5 {[%clk 0:39:16]} 22. Nxd6 {[%clk 0:47:40]} Rxe1+
{[%clk 0:39:40]} 23. Qxe1 {[%clk 0:47:57]} Kh8 {[%clk 0:23:28]} 24. Rf1
{[%clk 0:32:42]} Bg4 {[%clk 0:19:47]} 25. Nf4 {[%clk 0:28:47]} Qg5
{[%clk 0:20:07]} 26. Ne6 {[%clk 0:28:40]} 1-0

[Event "WCO2014"]
[Site "Tromso"]
[Date "2014.08.05"]
[Round "4.42"]
[WhiteID "2906074"]
[White "Iotov Valentin"]
[BlackID "1208110"]
[Black "Jianu Vlad-Cristian"]
[Result "1-0"]
[LiveChessVersion "1.4.3"]
[BlackElo "2579"]
[WhiteElo "2553"]

1. d4 {[%clk 1:30:57]} d5 {[%clk 1:30:54]} 2. Nf3 {[%clk 1:31:18]} Nf6
{[%clk 1:30:57]} 3. c4 {[%clk 1:31:46]} e6 {[%clk 1:31:11]} 4. Nc3
{[%clk 1:32:08]} Be7 {[%clk 1:31:06]} 5. Bf4 {[%clk 1:31:09]} O-O
{[%clk 1:31:25]} 6. e3 {[%clk 1:31:31]} Nbd7 {[%clk 1:30:12]} 7. c5
{[%clk 1:26:54]} Nh5 {[%clk 1:29:12]} 8. Be5 {[%clk 1:18:56]} f6 {[%clk 1:19:19]}
9. Bg3 {[%clk 1:19:23]} Nxg3 {[%clk 1:15:48]} 10. hxg3 {[%clk 1:19:50]} b6
{[%clk 1:12:19]} 11. Bd3 {[%clk 1:17:17]} f5 {[%clk 1:09:25]} 12. g4
{[%clk 1:06:51]} bxc5 {[%clk 0:58:40]} 13. gxf5 {[%clk 1:07:09]} c4
{[%clk 0:51:47]} 14. fxe6 {[%clk 1:05:46]} Nf6 {[%clk 0:47:39]} 15. Bxh7+
{[%clk 1:03:51]} Nxh7 {[%clk 0:48:02]} 16. Qc2 {[%clk 1:04:17]} Nf6
{[%clk 0:46:05]} 17. Ng5 {[%clk 1:04:21]} Bb4 {[%clk 0:26:26]} 18. Qg6
{[%clk 1:02:28]} Bxe6 {[%clk 0:21:17]} 19. Nxe6 {[%clk 1:02:47]} Qd7
{[%clk 0:20:51]} 20. Nxf8 {[%clk 1:02:57]} Rxf8 {[%clk 0:21:16]} 21. Rh4
{[%clk 0:58:15]} Qb5 {[%clk 0:17:34]} 22. Rb1 {[%clk 0:46:20]} Qa5
{[%clk 0:16:03]} 23. Ke2 {[%clk 0:46:11]} 1-0